| 000 | 00436nam a22001697a 4500 | ||
|---|---|---|---|
| 003 | BD-DhUL | ||
| 005 | 20170404161052.0 | ||
| 008 | 170404b xxu||||| |||| 00| 0 eng d | ||
| 040 |
_cBD-DhUL _dBD-DhUL |
||
| 082 |
_a301.3 _bSUP |
||
| 245 | _aThe Path Of Social Destiny / | ||
| 260 |
_aPakistan; _bAcademy, |
||
| 300 |
_a78p.: _c29cm. |
||
| 500 | _aIncludes Index And references. | ||
| 651 | 0 |
_2Social _aBangladesh |
|
| 942 |
_2ddc _cREF |
||
| 999 |
_c171950 _d171950 |
||